Разработка методики активации карбоксильной группы D-галактуроновой кислоты; Высокие технологии в современной науке и технике (ВТСНТ-2016)

Dades bibliogràfiques
Parent link:Высокие технологии в современной науке и технике (ВТСНТ-2016).— 2016.— [С. 263-264]
Autor principal: Власов С. С.
Autor corporatiu: Национальный исследовательский Томский политехнический университет (ТПУ) Институт природных ресурсов (ИПР) Кафедра технологии органических веществ и полимерных материалов (ТОВПМ)
Altres autors: Ларькина М. С. Мария Сергеевна (научный руководитель), Карманова О. А., Юсубов М. С. Мехман Сулейман-оглы (Сулейманович)
Sumari:Заглавие с титульного экрана
Idioma:rus
Publicat: 2016
Col·lecció:Органическая химия и биотехнологии
Matèries:
Accés en línia:http://earchive.tpu.ru/handle/11683/36507
Format: MixedMaterials Electrònic Capítol de llibre
KOHA link:https://koha.lib.tpu.ru/cgi-bin/koha/opac-detail.pl?biblionumber=621825

MARC

LEADER 00000naa2a2200000 4500
001 621825
005 20250507100608.0
035 |a (RuTPU)RU\TPU\conf\20441 
035 |a RU\TPU\conf\20440 
090 |a 621825 
100 |a 20170120d2016 k y0rusy50 ca 
101 0 |a rus 
102 |a RU 
105 |a y z 101zy 
135 |a drcn ---uucaa 
181 0 |a i  
182 0 |a b 
200 1 |a Разработка методики активации карбоксильной группы D-галактуроновой кислоты  |f С. С. Власов, М. С. Ларькина, О. А. Карманова  |g науч. рук. М. С. Юсубов 
203 |a Текст  |c электронный 
225 1 |a Органическая химия и биотехнологии 
300 |a Заглавие с титульного экрана 
320 |a [Библиогр.: с. 264 (3 назв.)] 
463 1 |0 (RuTPU)RU\TPU\conf\20333  |t Высокие технологии в современной науке и технике (ВТСНТ-2016)  |o сборник научных трудов V Международной научно-технической конференции молодых ученых, аспирантов и студентов, г. Томск, 5–7 декабря 2016 г.  |f Национальный исследовательский Томский политехнический университет (ТПУ) ; под ред. А. Н. Яковлева  |v [С. 263-264]  |d 2016 
610 1 |a труды учёных ТПУ 
610 1 |a электронные ресурсы 
610 1 |a лекарственные средства 
610 1 |a вирусные заболевания 
610 1 |a интерфероны 
610 1 |a полиэтиленгликоль 
610 1 |a молекулярные массы 
700 1 |a Власов  |b С. С. 
701 1 |a Ларькина  |b М. С.  |g Мария Сергеевна  |f 1984-  |c провизор  |c профессор; старший научный сотрудник Томского политехнического университета, доктор фармацевтических наук  |3 (RuTPU)RU\TPU\pers\46780  |9 22416 
701 1 |a Карманова  |b О. А. 
702 1 |a Юсубов  |b М. С.  |c химик  |c профессор Томского политехнического университета, доктор химических наук  |f 1961-  |g Мехман Сулейман-оглы (Сулейманович)  |4 727 
712 0 2 |a Национальный исследовательский Томский политехнический университет (ТПУ)  |b Институт природных ресурсов (ИПР)  |b Кафедра технологии органических веществ и полимерных материалов (ТОВПМ)  |3 (RuTPU)RU\TPU\col\18659 
801 2 |a RU  |b 63413507  |c 20210302  |g RCR 
850 |a 63413507 
856 4 |u http://earchive.tpu.ru/handle/11683/36507 
942 |c BK